Państwa produkujące najwięcej mleka - Statystyki

Ogólne statystyki
  • Ten quiz został rozwiązany 2 078 razy
    2 049 od ostatniego zresetowania
  • Średni wynik to 16 z 21
Statystyki odpowiedzi
Tony metryczne Państwo % Poprawnych
103 mln Stany Zjednoczone
99%
15,5 mln Polska
98%
42,4 mln Chiny
97%
34 mln Niemcy
96%
33,6 mln Rosja
96%
23,9 mln Francja
94%
127 mln Indie
94%
36,4 mln Brazylia
93%
9,89 mln Kanada
89%
11,7 mln Argentyna
88%
13,1 mln Włochy
87%
13,7 mln Meksyk
86%
15,8 mln Wielka Brytania
82%
8,47 mln Australia
81%
20 mln Turcja
67%
14,7 mln Holandia
58%
23,9 mln Pakistan
57%
21,2 mln Nowa Zelandia
50%
8,73 mln Irlandia
44%
12,7 mln Bangladesz
38%
11,9 mln Uzbekistan
14%
Nie znaleziono quizów pasujących do podanych kryteriów
Rozkład punktacji
Procent ludzi z każdym wynikiem
Percentyl według liczby udzielonych odpowiedzi
Twoja historia wyników
Nie rozwiązałeś tego quizu od ostatniego zresetowania